000 01457cam a2200277zu 4500
001 88954378
003 FRCYB88954378
005 20251020125632.0
006 m o d
007 cr un
008 251020s2023 fr | o|||||0|0|||fre d
020 _a9782247224814
035 _aFRCYB88954378
040 _aFR-PaCSA
_bfr
_c
_erda
100 1 _aVerpeaux, Michel
245 0 1 _aAnnales Droit constitutionnel 2024
_c['Verpeaux, Michel']
264 1 _bDalloz
_c2023
300 _a p.
336 _btxt
_2rdacontent
337 _bc
_2rdamdedia
338 _bc
_2rdacarrier
650 0 _a
700 0 _aVerpeaux, Michel
856 4 0 _2Cyberlibris
_uhttps://international.scholarvox.com/netsen/book/88954378
_qtext/html
_a
520 _aDestinées aux étudiants suivant un enseignement juridique (licence en droit, IEP, etc.), les Annales Droit constitutionnel regroupent en un seul ouvrage : - des sujets d'examen corrigés , donnés dans une vingtaine d'Universités françaises corrigés par les enseignants responsables de la matière et traitant de manière systématique les principaux thèmes du programme de droit constitutionnel ; - des conseils méthodologiques : exposés des techniques de la dissertation, du commentaire d'arrêt, de l'étude de cas et de la recherche documentaire permettant de réussir les différents types d'exercices proposés dans le cadre du contrôle continu, des examens ou des concours.
999 _c1558660
_d1558660